El impulsor del espíritu investigador del niño para avivar la inteligencia de los niños (Registro nro. 149997)

Detalles MARC
000 -LEADER
campo de control de longitud fija 00847nam a2200205 i 4500
001 - NÚMERO DE CONTROL
campo de control 149997
003 - IDENTIFICADOR DE NÚMERO DE CONTROL
campo de control ES-MaACL
005 - FECHA Y HORA DE LA ÚLTIMA TRANSACCIÓN
campo de control 20230906203336.0
007 - CAMPO FIJO DE DESCRIPCIÓN FÍSICA--INFORMACIÓN GENERAL
campo de control de longitud fija t|
008 - DATOS DE LONGITUD FIJA--INFORMACIÓN GENERAL
campo de control de longitud fija 071025s1948 sp ||||1| spa d
100 1# - ENTRADA PRINCIPAL--NOMBRE DE PERSONA
Nombre de persona Valle Collantes, Francisco.
9 (RLIN) 112785
245 13 - MENCIÓN DEL TÍTULO
Título El impulsor del espíritu investigador del niño para avivar la inteligencia de los niños
Resto del título : contiene además el índice de las principales carreras de España /
Mención de responsabilidad, etc. por Francisco Valle Collantes.
250 ## - MENCION DE EDICION
Mención de edición 1ª ed.
260 ## - PUBLICACIÓN, DISTRIBUCIÓN, ETC.
Lugar de publicación, distribución, etc. El Ferrol del Caudillo :
Nombre del editor, distribuidor, etc. [s.n.],
Fecha de publicación, distribución, etc. 1948 (
Fabricante Imp. "La Gutenberg")
300 ## - DESCRIPCIÓN FÍSICA
Extensión 111 p. :
Otras características físicas il. ;
Dimensiones 17 cm.
490 1# - MENCIÓN DE SERIE
Mención de serie Biblioteca de formación técnico-profesional "Valle-Collantes"
830 0# - PUNTO DE ACCESO ADICIONAL DE SERIE-TÍTULO UNIFORME
Título uniforme Biblioteca de formación técnico-profesional "Valle-Collantes"
9 (RLIN) 187574
852 ## - LOCALIZACIÓN
Ubicación ES-MaACL
Número de control de estantería 1712-F-17
Sublocalización o colección R.26224
Existencias
Estatus retirado Estado de pérdida Estado de daño No para préstamo Colección Biblioteca de origen Biblioteca actual Ubicación en estantería Fecha de adquisición Fuente de adquisición Total de préstamos Signatura topográfica completa Código de barras Visto por última vez Precio de reemplazo Tipo de ítem Koha
        Colección de folletos Biblioteca del Ateneo de Madrid Biblioteca del Ateneo de Madrid Depósito folletos 17/01/2008     1712-F-17 1156520 23/02/2023 23/02/2023 Folleto